[Event "35t. Copenhagen Open (Politiken Cup)"]
[Site "Elsinore"]
[Date "2013.08.02"]
[Round "8"]
[White "Svane, Rasmus"]
[Black "Stojanovski, Sandi"]
[Result "1/2-1/2"]
[WhiteElo "2427"]
[BlackElo "2270"]
[PlyCount "97"]
[EventDate "2013.07.27"]
[EventType "swiss"]
[EventRounds "10"]
[EventCountry "DEN"]
[Source "ChessBase"]
[SourceDate "2013.08.26"]

1. c4 c5 2. g3 g6 3. Bg2 Bg7 4. Nc3 Nc6 5. Nf3 d6 6. O-O Bf5 7. d3 Qd7 8. Bd2
Bh3 9. Bxh3 Qxh3 10. Rb1 Nf6 11. Nd5 O-O 12. Nxf6+ Bxf6 13. b4 cxb4 14. Bxb4 b6
15. Bd2 Rfd8 16. Rb5 Ne5 17. Nxe5 Bxe5 18. Bg5 Rd7 19. Qd2 Rc8 20. a4 Kg7 21.
Rfb1 h6 22. Bf4 Bxf4 23. Qxf4 Qe6 24. Qf3 Rc5 25. Rxc5 dxc5 26. a5 Rd6 27. a6
h5 28. h4 Rd7 29. Kg2 Rc7 30. Qf4 Rd7 31. Qf3 Rc7 32. Kh2 Rd7 33. Rd1 Qf6 34.
Qe3 Qd4 35. Qf4 Qf6 36. Qxf6+ Kxf6 37. Kg2 e5 38. Kf3 Ke6 39. e4 Rd8 40. Ke3 f5
41. f3 Rb8 42. Rb1 Kd6 43. f4 Ke6 44. Rb5 Rd8 45. Rb2 Rb8 46. Rb1 Kd6 47. Rb5
Rd8 48. Rb2 Rb8 49. Rb5 1/2-1/2

[Event "35t. Copenhagen Open (Politiken Cup)"]
[Site "Elsinore"]
[Date "2013.08.02"]
[Round "8"]
[White "Svendsen, Petter"]
[Black "Hansen, Victor"]
[Result "0-1"]
[WhiteElo "1974"]
[BlackElo "2089"]
[PlyCount "54"]
[EventDate "2013.07.27"]
[EventType "swiss"]
[EventRounds "10"]
[EventCountry "DEN"]
[Source "ChessBase"]
[SourceDate "2013.08.26"]

1. e4 c6 2. d4 d5 3. Nc3 dxe4 4. Nxe4 Bf5 5. Ng3 Bg6 6. h4 h6 7. Nf3 Nd7 8. h5
Bh7 9. Bd3 Bxd3 10. Qxd3 e6 11. Bd2 Ngf6 12. O-O-O Be7 13. Kb1 O-O 14. Rhe1 b5
15. Ne4 Qb6 16. Nxf6+ Nxf6 17. Ne5 Rad8 18. Qf3 Rd5 19. g4 Nh7 20. Qg2 Bf6 21.
f4 Qxd4 22. c3 Qc5 23. g5 hxg5 24. Ng4 gxf4 25. Bxf4 Rxd1+ 26. Rxd1 Qf5+ 27.
Ka1 Qxf4 0-1

[Event "35t. Copenhagen Open (Politiken Cup)"]
[Site "Elsinore"]
[Date "2013.08.02"]
[Round "8"]
[White "Szucs, Michell Daniel"]
[Black "Christiansen, Niels Jorgen"]
[Result "1/2-1/2"]
[WhiteElo "1504"]
[BlackElo "1669"]
[PlyCount "72"]
[EventDate "2013.07.27"]
[EventType "swiss"]
[EventRounds "10"]
[EventCountry "DEN"]
[Source "ChessBase"]
[SourceDate "2013.08.26"]

1. d4 d5 2. Nf3 Nf6 3. h3 e6 4. Bf4 c5 5. e3 Nc6 6. c3 Bd7 7. Nbd2 Qb6 8. Qc2
Rc8 9. Qb3 c4 10. Qxb6 axb6 11. Be2 b5 12. a3 Be7 13. O-O O-O 14. Ne5 Nxe5 15.
Bxe5 Bc6 16. Bd1 Nd7 17. Bh2 Nb6 18. Bc2 Na4 19. Rab1 Rfd8 20. Nf3 Nb6 21. Rfe1
Bd6 22. Bxd6 Rxd6 23. Ng5 g6 24. f4 Rf8 25. Rf1 h6 26. Nf3 Kg7 27. Ne5 f5 28.
h4 h5 29. Rf3 Be8 30. Rg3 Nd7 31. Nxd7 Bxd7 32. Rg5 Be8 33. Rf1 Rd8 34. Rf3 Kf6
35. Rfg3 Bf7 36. Rf3 Rh8 1/2-1/2

[Event "35t. Copenhagen Open (Politiken Cup)"]
[Site "Elsinore"]
[Date "2013.08.02"]
[Round "8"]
[White "Teplyi, Igor"]
[Black "Rolvag, Mikael"]
[Result "1-0"]
[WhiteElo "2409"]
[BlackElo "2162"]
[PlyCount "111"]
[EventDate "2013.07.27"]
[EventType "swiss"]
[EventRounds "10"]
[EventCountry "DEN"]
[Source "ChessBase"]
[SourceDate "2013.08.26"]

1. d4 Nf6 2. c4 e6 3. Nf3 b6 4. g3 Bb7 5. Bg2 Be7 6. O-O O-O 7. Re1 Na6 8. Nc3
Ne4 9. Bd2 f5 10. a3 Bf6 11. Rc1 c5 12. Be3 d6 13. Nb5 Nc7 14. Nxc7 Qxc7 15.
Qc2 g6 16. Red1 Qg7 17. b4 Rac8 18. Qb3 g5 19. dxc5 dxc5 20. bxc5 Nxc5 21. Bxc5
Rxc5 22. Ne1 Bxg2 23. Kxg2 Qe7 24. Nd3 Rc7 25. Rc2 Rfc8 26. Rdc1 Bd4 27. a4 Bc5
28. Rd1 Rd8 29. Rcc1 Bd6 30. Re1 Qf7 31. a5 Rc6 32. axb6 axb6 33. Kg1 f4 34.
Qb5 Rdc8 35. Qxg5+ Qg7 36. Qxg7+ Kxg7 37. Rb1 fxg3 38. hxg3 Rxc4 39. Rxb6 R8c6
40. Rb5 Kg6 41. Kg2 Rc2 42. Kf3 Rc7 43. Kg4 Kf6 44. f4 h6 45. Kf3 R7c3 46. Rh1
Bf8 47. Rb8 Rc8 48. Rb6 R8c6 49. Rb5 R6c3 50. Ra1 Ra3 51. Rab1 Rac3 52. Re5 Bd6
53. Rh5 Kg6 54. Rbh1 Bf8 55. Ra5 Bg7 56. g4 1-0

[Event "35t. Copenhagen Open (Politiken Cup)"]
[Site "Elsinore"]
[Date "2013.08.02"]
[Round "8"]
[White "Thaler, Toni"]
[Black "Hanssen, Johnny"]
[Result "1/2-1/2"]
[WhiteElo "2091"]
[BlackElo "1879"]
[PlyCount "41"]
[EventDate "2013.07.27"]
[EventType "swiss"]
[EventRounds "10"]
[EventCountry "DEN"]
[Source "ChessBase"]
[SourceDate "2013.08.26"]

1. d4 Nf6 2. c4 e6 3. Nf3 b6 4. g3 Bb7 5. Bg2 Be7 6. Nc3 Ne4 7. Bd2 Bf6 8. O-O
O-O 9. Rc1 d6 10. Qc2 Nxd2 11. Qxd2 Nd7 12. Rfd1 a5 13. b3 Qe7 14. e4 Rfd8 15.
Qe3 g6 16. h4 Bg7 17. Ne1 Qf8 18. f4 e5 19. Nc2 exf4 20. gxf4 Qe7 21. Qg3
1/2-1/2

[Event "35t. Copenhagen Open (Politiken Cup)"]
[Site "Elsinore"]
[Date "2013.08.02"]
[Round "8"]
[White "Wadtland, Flemming"]
[Black "Kopperberg, Steen"]
[Result "0-1"]
[WhiteElo "1585"]
[BlackElo "1777"]
[PlyCount "38"]
[EventDate "2013.07.27"]
[EventType "swiss"]
[EventRounds "10"]
[EventCountry "DEN"]
[Source "ChessBase"]
[SourceDate "2013.08.26"]

1. c4 Nf6 2. Nf3 c6 3. Nc3 e6 4. d4 d5 5. c5 Nbd7 6. g3 b6 7. b4 a5 8. Ba3 axb4
9. Bxb4 bxc5 10. dxc5 Bxc5 11. Bxc5 Nxc5 12. Bg2 Qa5 13. Qc2 Nfe4 14. O-O Qxc3
15. Qxc3 Nxc3 16. Nd4 Bd7 17. Rfc1 N3a4 18. Nb3 Nxb3 19. axb3 Nb6 0-1

[Event "35t. Copenhagen Open (Politiken Cup)"]
[Site "Elsinore"]
[Date "2013.08.02"]
[Round "8"]
[White "Yilmaz, Kazim"]
[Black "Marshall, Michael"]
[Result "1/2-1/2"]
[WhiteElo "1651"]
[BlackElo "1839"]
[PlyCount "29"]
[EventDate "2013.07.27"]
[EventType "swiss"]
[EventRounds "10"]
[EventCountry "DEN"]
[Source "ChessBase"]
[SourceDate "2013.08.26"]

1. d4 Nf6 2. Nf3 e6 3. Bg5 h6 4. Bxf6 Qxf6 5. e3 g6 6. Nbd2 Bg7 7. Bd3 d6 8.
O-O Nd7 9. c3 O-O 10. Re1 a6 11. Qc2 b5 12. e4 Bb7 13. a4 bxa4 14. Rxa4 c5 15.
e5 1/2-1/2

[Event "35t. Copenhagen Open (Politiken Cup)"]
[Site "Elsinore"]
[Date "2013.08.03"]
[Round "9"]
[White "Andersen, Dag"]
[Black "Haldorsen, Benjamin"]
[Result "0-1"]
[WhiteElo "1860"]
[BlackElo "1983"]
[PlyCount "60"]
[EventDate "2013.07.27"]
[EventType "swiss"]
[EventRounds "10"]
[EventCountry "DEN"]
[Source "ChessBase"]
[SourceDate "2013.08.26"]

1. e4 e5 2. Nf3 Nc6 3. Bb5 a6 4. Ba4 Nf6 5. O-O Nxe4 6. d4 b5 7. Bb3 d5 8. dxe5
Be6 9. c3 Bc5 10. Nbd2 O-O 11. Qe2 Bf5 12. a4 b4 13. Nxe4 dxe4 14. Ng5 e3 15.
Bxe3 Bd3 16. Qh5 Bg6 17. Qh3 Bxe3 18. Qxe3 Na5 19. Rad1 Qe7 20. Bd5 c6 21. cxb4
Qxb4 22. Bf3 Rfe8 23. Rd4 Qxb2 24. Qf4 Rab8 25. Re1 f6 26. Nh3 fxe5 27. Rxe5
Rxe5 28. Qxe5 Re8 29. Qxa5 Qxd4 30. g3 Bd3 0-1

[Event "35t. Copenhagen Open (Politiken Cup)"]
[Site "Elsinore"]
[Date "2013.08.03"]
[Round "9"]
[White "Andersen, Daniel"]
[Black "Spanton, Timothy"]
[Result "0-1"]
[WhiteElo "1917"]
[BlackElo "2015"]
[PlyCount "40"]
[EventDate "2013.07.27"]
[EventType "swiss"]
[EventRounds "10"]
[EventCountry "DEN"]
[Source "ChessBase"]
[SourceDate "2013.08.26"]

1. c4 c5 2. Nf3 Nc6 3. Nc3 g6 4. g3 Bg7 5. Bg2 Nf6 6. d4 cxd4 7. Nxd4 O-O 8. c5
Qa5 9. Nb3 Qd8 10. O-O b6 11. cxb6 axb6 12. e4 Ba6 13. Re1 d6 14. Nd5 Nxd5 15.
exd5 Ne5 16. Nd4 Rc8 17. Re4 Bb7 18. Re3 Rc4 19. Kh1 Qd7 20. Rb1 Ng4 0-1

[Event "35t. Copenhagen Open (Politiken Cup)"]
[Site "Elsinore"]
[Date "2013.08.03"]
[Round "9"]
[White "Andersen, Mads"]
[Black "Grandelius, Nils"]
[Result "1-0"]
[WhiteElo "2477"]
[BlackElo "2573"]
[PlyCount "61"]
[EventDate "2013.07.27"]
[EventType "swiss"]
[EventRounds "10"]
[EventCountry "DEN"]
[Source "ChessBase"]
[SourceDate "2013.08.26"]

1. d4 Nf6 2. c4 g6 3. Nf3 Bg7 4. g3 d5 5. cxd5 Nxd5 6. Bg2 Nb6 7. Nc3 Nc6 8. e3
O-O 9. O-O Re8 10. a3 Bg4 11. h3 Bd7 12. Qc2 Na5 13. a4 Be6 14. Nd2 Qc8 15. b4
Nc6 16. b5 Nb4 17. Qb1 c5 18. bxc6 Nxc6 19. a5 Nc4 20. Nxc4 Bxc4 21. Rd1 Rb8
22. Ra4 b5 23. axb6 Rxb6 24. Qxb6 axb6 25. Rxc4 Qa6 26. Rxc6 e5 27. d5 e4 28.
d6 Rd8 29. d7 Qb7 30. Bxe4 Rxd7 31. Rcd6 1-0

[Event "35t. Copenhagen Open (Politiken Cup)"]
[Site "Elsinore"]
[Date "2013.08.03"]
[Round "9"]
[White "Andersen, Morten"]
[Black "Justinussen, Sigurd B"]
[Result "1-0"]
[WhiteElo "2166"]
[BlackElo "1970"]
[PlyCount "53"]
[EventDate "2013.07.27"]
[EventType "swiss"]
[EventRounds "10"]
[EventCountry "DEN"]
[Source "ChessBase"]
[SourceDate "2013.08.26"]

1. d4 d5 2. c4 e6 3. Nf3 Nf6 4. g3 g6 5. Bg2 Bg7 6. O-O O-O 7. Qc2 c6 8. Nbd2
Nbd7 9. b4 b6 10. e4 Bb7 11. e5 Ne8 12. a4 c5 13. bxc5 bxc5 14. Ba3 dxc4 15.
Rab1 Bd5 16. Nxc4 Rc8 17. dxc5 Bxc4 18. Qxc4 Nxe5 19. Nxe5 Bxe5 20. Rfd1 Qe7
21. Qe2 f6 22. f4 Bc3 23. Qd3 Ba5 24. Qa6 Rxc5 25. Qxa5 Rxa5 26. Bxe7 Rf7 27.
Bb4 1-0

[Event "35t. Copenhagen Open (Politiken Cup)"]
[Site "Elsinore"]
[Date "2013.08.03"]
[Round "9"]
[White "Argandona Riveiro, Inigo"]
[Black "Nilsen, Joachim Birger"]
[Result "1/2-1/2"]
[WhiteElo "2388"]
[BlackElo "2259"]
[PlyCount "100"]
[EventDate "2013.07.27"]
[EventType "swiss"]
[EventRounds "10"]
[EventCountry "DEN"]
[Source "ChessBase"]
[SourceDate "2013.08.26"]

1. Nf3 c5 2. c4 g6 3. d4 cxd4 4. Nxd4 Bg7 5. e4 Nc6 6. Be3 Nf6 7. Nc3 d6 8. Be2
O-O 9. O-O Bd7 10. Qd2 Nxd4 11. Bxd4 Bc6 12. f3 a5 13. b3 Nd7 14. Be3 Nc5 15.
Rab1 Qb6 16. Rfc1 Rfc8 17. Rc2 h5 18. Bf1 Kh7 19. Kh1 Qd8 20. a3 Qh8 21. b4
axb4 22. axb4 Na4 23. Nd1 Be5 24. Rb3 Qe8 25. b5 Bd7 26. Ra3 Nc5 27. Rca2 Be6
28. Nc3 Qh8 29. Na4 Nxa4 30. Rxa4 Rxa4 31. Rxa4 Ra8 32. Rxa8 Qxa8 33. c5 Qa1
34. Qd3 dxc5 35. Bxc5 Bd6 36. Bxd6 exd6 37. b6 d5 38. exd5 Bxd5 39. Kg1 Qe5 40.
Qb1 Qd4+ 41. Kh1 h4 42. h3 Kg7 43. Bd3 Bc6 44. Be4 Bxe4 45. fxe4 Kf6 46. Qe1
Qxb6 47. Qxh4+ Kg7 48. Qe7 Qc6 49. Qe5+ Qf6 50. Qb5 Qc6 1/2-1/2

[Event "35t. Copenhagen Open (Politiken Cup)"]
[Site "Elsinore"]
[Date "2013.08.03"]
[Round "9"]
[White "Bach, Matthias"]
[Black "Lundberg, Roland"]
[Result "1-0"]
[WhiteElo "2251"]
[BlackElo "1996"]
[PlyCount "73"]
[EventDate "2013.07.27"]
[EventType "swiss"]
[EventRounds "10"]
[EventCountry "DEN"]
[Source "ChessBase"]
[SourceDate "2013.08.26"]

1. e4 c6 2. c4 d5 3. exd5 cxd5 4. d4 Nf6 5. Nc3 g6 6. Nf3 Bg7 7. Be2 O-O 8. O-O
Nbd7 9. c5 b6 10. c6 Nb8 11. Ne5 a6 12. Bf4 Ne8 13. Rc1 e6 14. Bf3 f6 15. Nxg6
hxg6 16. Nxd5 Nxc6 17. Ne3 Nxd4 18. Bxa8 f5 19. Nc4 Bd7 20. Be5 Bb5 21. Qxd4
Qxd4 22. Bxd4 Bxd4 23. Rfd1 e5 24. b3 a5 25. Na3 Ba6 26. Nc2 Bc5 27. Rd8 Nf6
28. Rxf8+ Kxf8 29. Ne3 Bd3 30. h3 Ke7 31. Nd5+ Nxd5 32. Bxd5 Kd6 33. Rd1 e4 34.
Bc4 Ke5 35. Bxd3 exd3 36. Rxd3 g5 37. Kf1 1-0

[Event "35t. Copenhagen Open (Politiken Cup)"]
[Site "Elsinore"]
[Date "2013.08.03"]
[Round "9"]
[White "Bekker Jensen, David"]
[Black "Martinsen, Stig K"]
[Result "1-0"]
[WhiteElo "2310"]
[BlackElo "2164"]
[PlyCount "97"]
[EventDate "2013.07.27"]
[EventType "swiss"]
[EventRounds "10"]
[EventCountry "DEN"]
[Source "ChessBase"]
[SourceDate "2013.08.26"]

1. d4 Nf6 2. c4 e6 3. Nc3 Bb4 4. e3 O-O 5. Nge2 d5 6. a3 Bd6 7. Ng3 c5 8. dxc5
Bxc5 9. cxd5 exd5 10. Bd3 Bg4 11. Nce2 Nc6 12. b4 Bb6 13. Bb2 Re8 14. O-O Ne4
15. Qb3 Qg5 16. Bxe4 dxe4 17. Nf4 h5 18. b5 Nd4 19. Qa4 Rad8 20. h4 Qh6 21.
Rac1 Nf5 22. Nxf5 Bxf5 23. Rfd1 Rxd1+ 24. Rxd1 Bg4 25. Rd5 f6 26. Bd4 g5 27.
hxg5 fxg5 28. Qc4 Kh7 29. Nh3 Bxh3 30. gxh3 Qe6 31. Bxb6 axb6 32. Qd4 Re7 33.
Rd8 Rg7 34. Rd6 Qf5 35. Rf6 Qxh3 36. Qxe4+ Kg8 37. Qe8+ Kh7 38. Qe4+ Kg8 39.
Rxb6 Qd7 40. Qc4+ Kh7 41. Qe4+ Kg8 42. Kg2 g4 43. Rh6 Qxb5 44. Qe6+ Rf7 45.
Rg6+ Kf8 46. Qd6+ Re7 47. Rf6+ Ke8 48. Qb8+ Kd7 49. Rd6# 1-0

[Event "35t. Copenhagen Open (Politiken Cup)"]
[Site "Elsinore"]
[Date "2013.08.03"]
[Round "9"]
[White "Bjorn, Lasse E"]
[Black "Hyldkrog, Lars"]
[Result "0-1"]
[WhiteElo "1810"]
[BlackElo "2009"]
[PlyCount "106"]
[EventDate "2013.07.27"]
[EventType "swiss"]
[EventRounds "10"]
[EventCountry "DEN"]
[Source "ChessBase"]
[SourceDate "2013.08.26"]

1. e4 e6 2. d4 d5 3. Nc3 Bb4 4. Nge2 dxe4 5. a3 Bxc3+ 6. Nxc3 Nc6 7. Bb5 f5 8.
O-O Nge7 9. Qh5+ Ng6 10. Bg5 Qd6 11. Rad1 O-O 12. d5 Nce7 13. dxe6 Qxe6 14. Rd4
Qb6 15. Bc4+ Be6 16. Bxe6+ Qxe6 17. Rfd1 a6 18. Rd7 Rac8 19. Qe2 Rfe8 20. Na4
h6 21. Nc5 Qe5 22. Qc4+ Kh7 23. Be3 Qxb2 24. Bd4 Qb5 25. Qf7 Rg8 26. Qe6 b6 27.
Nb3 c5 28. Be5 Nxe5 29. Rxe7 Ng6 30. Qxf5 Qe2 31. Rf1 Rcf8 32. Qxe4 Qxe4 33.
Rxe4 Re8 34. Rfe1 Rxe4 35. Rxe4 Rd8 36. g3 Rd6 37. Kg2 Kg8 38. h4 Kf7 39. a4
Re6 40. Rxe6 Kxe6 41. a5 bxa5 42. Nxc5+ Kd5 43. Na4 Kc4 44. Kf3 Kb4 45. Nb2 a4
46. Ke2 a3 47. Nd3+ Kc3 48. Nc1 Kxc2 49. Na2 a5 50. f4 h5 51. Ke3 Ne7 52. Ke4
Kb2 53. Ke5 Kxa2 0-1

[Event "35t. Copenhagen Open (Politiken Cup)"]
[Site "Elsinore"]
[Date "2013.08.03"]
[Round "9"]
[White "Brogaard, Lars"]
[Black "Madsen, Ole Rysgaard"]
[Result "0-1"]
[WhiteElo "1570"]
[BlackElo "1919"]
[PlyCount "82"]
[EventDate "2013.07.27"]
[EventType "swiss"]
[EventRounds "10"]
[EventCountry "DEN"]
[Source "ChessBase"]
[SourceDate "2013.08.26"]

1. f4 Nf6 2. Nf3 d5 3. e3 g6 4. Be2 Bg7 5. d3 c5 6. c3 O-O 7. O-O Nbd7 8. a4
Qc7 9. Na3 a6 10. Nc2 b6 11. Qe1 Re8 12. Bd2 h6 13. Rc1 e5 14. f5 g5 15. Nxg5
hxg5 16. Qg3 Nh7 17. h4 Qd8 18. e4 gxh4 19. Qg4 Qf6 20. Rf3 Kf8 21. Rh3 Bh6 22.
Bxh6+ Qxh6 23. Ne3 Ndf6 24. Qxh4 Qxh4 25. Rxh4 dxe4 26. dxe4 Bb7 27. Bf3 Ng5
28. Nd5 Nxd5 29. exd5 f6 30. Kf2 Kg7 31. c4 Rh8 32. Rch1 Rxh4 33. Rxh4 Rh8 34.
Rxh8 Kxh8 35. Ke3 Nf7 36. Be2 Kg7 37. g4 Nd6 38. b3 Kh6 39. Kf3 b5 40. axb5
axb5 41. cxb5 Bxd5+ 0-1

[Event "35t. Copenhagen Open (Politiken Cup)"]
[Site "Elsinore"]
[Date "2013.08.03"]
[Round "9"]
[White "Brorsen, Jacob Abildlund"]
[Black "Colpe, Malte"]
[Result "0-1"]
[WhiteElo "2142"]
[BlackElo "2311"]
[PlyCount "54"]
[EventDate "2013.07.27"]
[EventType "swiss"]
[EventRounds "10"]
[EventCountry "DEN"]
[Source "ChessBase"]
[SourceDate "2013.08.26"]

1. d4 Nf6 2. c4 e6 3. Nc3 d5 4. Bg5 Be7 5. e3 O-O 6. Qc2 h6 7. Bh4 Ne4 8. Bxe7
Qxe7 9. Nxe4 dxe4 10. O-O-O f5 11. Ne2 Nc6 12. Nf4 Rd8 13. h4 e5 14. Nd5 Qf7
15. Qc3 exd4 16. exd4 f4 17. Be2 Be6 18. Nxc7 Qxc7 19. d5 f3 20. gxf3 exf3 21.
Bd3 Qf4+ 22. Kb1 Bf5 23. dxc6 Rxd3 24. Rxd3 Rd8 25. Rhd1 bxc6 26. Kc2 Qe4 27.
R1d2 Rxd3 0-1

[Event "35t. Copenhagen Open (Politiken Cup)"]
[Site "Elsinore"]
[Date "2013.08.03"]
[Round "9"]
[White "Bue, Gunnar"]
[Black "Nielsen, Ejgild"]
[Result "0-1"]
[WhiteElo "1654"]
[BlackElo "1900"]
[PlyCount "44"]
[EventDate "2013.07.27"]
[EventType "swiss"]
[EventRounds "10"]
[EventCountry "DEN"]
[Source "ChessBase"]
[SourceDate "2013.08.26"]

1. d4 Nf6 2. c4 e6 3. Nf3 b6 4. e3 Bb7 5. Bd3 c5 6. O-O Ne4 7. Bxe4 Bxe4 8. Nc3
Bb7 9. d5 d6 10. e4 e5 11. a3 Be7 12. b4 Nd7 13. Be3 O-O 14. bxc5 bxc5 15. Rb1
Bc8 16. Qa4 Nb6 17. Qb3 f5 18. Rb2 f4 19. Bc1 Bg4 20. Nd2 f3 21. g3 Qe8 22. Nb5
Qh5 0-1

[Event "35t. Copenhagen Open (Politiken Cup)"]
[Site "Elsinore"]
[Date "2013.08.03"]
[Round "9"]
[White "Carstensen, Jacob"]
[Black "Holm, Kristian Stuvik"]
[Result "1/2-1/2"]
[WhiteElo "2384"]
[BlackElo "2255"]
[PlyCount "74"]
[EventDate "2013.07.27"]
[EventType "swiss"]
[EventRounds "10"]
[EventCountry "DEN"]
[Source "ChessBase"]
[SourceDate "2013.08.26"]

1. d4 Nf6 2. c4 e6 3. Nc3 Bb4 4. Qc2 O-O 5. e4 d6 6. Bd3 Nc6 7. Nge2 e5 8. d5
Nd4 9. Nxd4 exd4 10. a3 Ba5 11. b4 Bb6 12. Na4 Ng4 13. O-O Bd7 14. Nxb6 axb6
15. Bb2 Qh4 16. h3 Ne5 17. f4 Ng6 18. Qd2 Bxh3 19. Bxd4 f5 20. Qf2 fxe4 21.
Qxh4 Nxh4 22. Bxe4 Bf5 23. Rfe1 Rfe8 24. Bxf5 Nxf5 25. Bb2 Kf7 26. Kf2 h5 27.
Rad1 Rxe1 28. Rxe1 Re8 29. Rxe8 Kxe8 30. Kf3 Kf7 31. Bc3 Kg6 32. Ke4 Nh4 33. g3
Nf5 34. Be1 Kf6 35. Bc3+ Kg6 36. Be1 Kf6 37. Bc3+ Kg6 1/2-1/2

[Event "35t. Copenhagen Open (Politiken Cup)"]
[Site "Elsinore"]
[Date "2013.08.03"]
[Round "9"]
[White "Christensen, Bo Garner"]
[Black "Alquist, Erik"]
[Result "1-0"]
[WhiteElo "2256"]
[BlackElo "2053"]
[PlyCount "51"]
[EventDate "2013.07.27"]
[EventType "swiss"]
[EventRounds "10"]
[EventCountry "DEN"]
[Source "ChessBase"]
[SourceDate "2013.08.26"]

1. e4 c5 2. Nf3 d6 3. d4 cxd4 4. Qxd4 a6 5. c4 Nc6 6. Qd2 g6 7. Nc3 Bh6 8. Qc2
Bg7 9. Be3 Nf6 10. Be2 O-O 11. O-O Bd7 12. Nd5 Nxd5 13. cxd5 Ne5 14. Nd4 Ng4
15. Bxg4 Bxg4 16. Qb3 Bxd4 17. Bxd4 b5 18. Rfe1 f6 19. f4 Bd7 20. e5 Kg7 21. e6
Bc8 22. g4 h6 23. g5 Qe8 24. Rac1 hxg5 25. fxg5 Kg8 26. Qh3 1-0

[Event "35t. Copenhagen Open (Politiken Cup)"]
[Site "Elsinore"]
[Date "2013.08.03"]
[Round "9"]
[White "Christensen, Janus"]
[Black "Satre, Roger"]
[Result "0-1"]
[WhiteElo "2156"]
[BlackElo "1833"]
[PlyCount "74"]
[EventDate "2013.07.27"]
[EventType "swiss"]
[EventRounds "10"]
[EventCountry "DEN"]
[Source "ChessBase"]
[SourceDate "2013.08.26"]

1. Nf3 g6 2. c4 Bg7 3. Nc3 d6 4. g3 Nc6 5. Bg2 e5 6. d3 h6 7. O-O Be6 8. Bd2
Qd7 9. Re1 f5 10. a3 Nf6 11. b4 g5 12. b5 Ne7 13. Kh1 f4 14. Ng1 d5 15. cxd5
Nexd5 16. Nf3 Ng4 17. Ne4 fxg3 18. hxg3 Ndf6 19. Kg1 Nxe4 20. dxe4 Qxb5 21. Qc2
c5 22. Rab1 Qc6 23. Rec1 b6 24. Nd4 exd4 25. e5 Bd5 26. Bxd5 Qxd5 27. Qg6+ Kf8
28. Qf5+ Nf6 29. g4 Kg8 30. exf6 Qxf5 31. gxf5 Bxf6 32. a4 Re8 33. Kf1 Rh7 34.
a5 Bd8 35. Rb3 Rf7 36. Rf3 Ref8 37. axb6 axb6 0-1

[Event "35t. Copenhagen Open (Politiken Cup)"]
[Site "Elsinore"]
[Date "2013.08.03"]
[Round "9"]
[White "Christiansen, Jens Jorgen"]
[Black "Larsen, Karsten"]
[Result "0-1"]
[WhiteElo "2121"]
[BlackElo "2270"]
[PlyCount "46"]
[EventDate "2013.07.27"]
[EventType "swiss"]
[EventRounds "10"]
[EventCountry "DEN"]
[Source "ChessBase"]
[SourceDate "2013.08.26"]

1. d4 Nf6 2. c4 e6 3. Nf3 d5 4. Nc3 Bb4 5. a3 Bxc3+ 6. bxc3 c5 7. cxd5 exd5 8.
g3 Qa5 9. Bd2 c4 10. Bg2 O-O 11. O-O Nc6 12. Ng5 Re8 13. f3 h6 14. Nh3 Bf5 15.
Nf2 Re7 16. e4 dxe4 17. fxe4 Nxe4 18. Nxe4 Bxe4 19. Bxe4 Rxe4 20. Rxf7 Rae8 21.
Rf2 Qd5 22. Qf3 b5 23. Re2 Nxd4 0-1

[Event "35t. Copenhagen Open (Politiken Cup)"]
[Site "Elsinore"]
[Date "2013.08.03"]
[Round "9"]
[White "Eddy, Samuel"]
[Black "Ancion, Merowig"]
[Result "1/2-1/2"]
[WhiteElo "2096"]
[BlackElo "1954"]
[PlyCount "59"]
[EventDate "2013.07.27"]
[EventType "swiss"]
[EventRounds "10"]
[EventCountry "DEN"]
[Source "ChessBase"]
[SourceDate "2013.08.26"]

1. d4 Nf6 2. c4 c5 3. d5 b5 4. cxb5 a6 5. f3 g6 6. e4 d6 7. Nc3 Bg7 8. bxa6 O-O
9. Be3 Qa5 10. Qa4 Qb6 11. Qb3 Nfd7 12. Qxb6 Nxb6 13. Kd2 Bxa6 14. Bxa6 Nxa6
15. b3 e6 16. Rd1 exd5 17. Nxd5 Nxd5 18. exd5 Nb4 19. a4 Nxd5 20. Kd3 Nxe3 21.
Kxe3 Rfb8 22. Rd3 c4 23. bxc4 Rb1 24. Rxd6 Rxa4 25. c5 Rc4 26. c6 Bf8 27. Kd3
Rcc1 28. Ne2 Rd1+ 29. Kc2 Rxd6 30. Rxb1 1/2-1/2

[Event "35t. Copenhagen Open (Politiken Cup)"]
[Site "Elsinore"]
[Date "2013.08.03"]
[Round "9"]
[White "Edouard, Romain"]
[Black "Hector, Jonny"]
[Result "1-0"]
[WhiteElo "2662"]
[BlackElo "2509"]
[PlyCount "81"]
[EventDate "2013.07.27"]
[EventType "swiss"]
[EventRounds "10"]
[EventCountry "DEN"]
[Source "ChessBase"]
[SourceDate "2013.08.26"]

1. e4 e5 2. Nf3 Nc6 3. Bb5 f5 4. d3 fxe4 5. dxe4 Nf6 6. Qd3 Bb4+ 7. c3 Bc5 8.
Nbd2 a6 9. Bc4 Qe7 10. b4 Ba7 11. O-O Nh5 12. Nb3 h6 13. Qe2 g6 14. Ne1 d6 15.
Nd3 Nd8 16. a4 Kf8 17. b5 Ne6 18. bxa6 bxa6 19. Bd5 Rb8 20. Na5 Bd7 21. Be3 Bb6
22. Nc4 Kg7 23. Nxb6 cxb6 24. Rfb1 Nc7 25. Rxb6 Nxd5 26. exd5 Rxb6 27. Bxb6 Rc8
28. f4 e4 29. Qe3 Kh7 30. Nf2 Qf6 31. Nxe4 Qf8 32. Bd4 Re8 33. Qf3 Bf5 34. Nf2
Bc2 35. g3 Bb3 36. Ng4 Qf7 37. Ne3 Nf6 38. c4 Ne4 39. Ra3 Qb7 40. f5 g5 41. f6
1-0

[Event "35t. Copenhagen Open (Politiken Cup)"]
[Site "Elsinore"]
[Date "2013.08.03"]
[Round "9"]
[White "Emborg, Jens"]
[Black "Strachan, Christian C"]
[Result "0-1"]
[WhiteElo "1618"]
[BlackElo "1873"]
[PlyCount "112"]
[EventDate "2013.07.27"]
[EventType "swiss"]
[EventRounds "10"]
[EventCountry "DEN"]
[Source "ChessBase"]
[SourceDate "2013.08.26"]

1. e4 e6 2. d4 d5 3. exd5 exd5 4. Nf3 Bd6 5. Bd3 Ne7 6. O-O Nbc6 7. Re1 Bg4 8.
c3 Qd7 9. Bg5 f6 10. Bh4 O-O-O 11. Bg3 Bxg3 12. hxg3 h5 13. Qc2 g5 14. Nh2 Bf5
15. f3 Bxd3 16. Qxd3 Nf5 17. Kf2 Kb8 18. Nd2 Rde8 19. Nhf1 Nce7 20. Ne3 Nd6 21.
a4 f5 22. b4 f4 23. Nef1 Nef5 24. c4 dxc4 25. Nxc4 Nxc4 26. Qxc4 Qxd4+ 27. Qxd4
Nxd4 28. Rxe8+ Rxe8 29. Ra2 Kc8 30. Rd2 Rd8 31. gxf4 gxf4 32. g3 fxg3+ 33. Nxg3
h4 34. Ne4 Nf5 35. Rxd8+ Kxd8 36. f4 Nd4 37. Ng5 Ke7 38. Nf3 Nxf3 39. Kxf3 Kf6
40. Kg4 a5 41. b5 c6 42. bxc6 bxc6 43. Kxh4 Kf5 44. Kg3 Ke4 45. Kg4 c5 46. Kg5
c4 47. f5 c3 48. f6 c2 49. f7 c1=Q+ 50. Kf6 Qf1+ 51. Ke7 Kd5 52. f8=Q Qxf8+ 53.
Kxf8 Kc5 54. Ke7 Kb4 55. Kd6 Kxa4 56. Kc5 Kb3 0-1